000 00526nam a2200157Ia 4500
008 150610s9999 xx 000 0 und d
020 _a9710868845
050 _aLB2806.15
_b.A68 2008   
100 _aAquino, Gaudencio V., 1924-
245 _aCurriculum innovation /
_cGaudencio V. Aquino.
260 _aMandaluyong City :
_bNational Book Store,
_c2008.
300 _a161pages ;
_c23 cm.
520 _aCurriculum planning .
650 _aPhilippines.
_xCurriculum change
650 _aPhilippines.
_xEducation -- Standards.
999 _c288175
_d288175